ՀՀ Գիտությունների ազգային ակադեմիայի հիմնարար գիտական գրադարան  =   Fundamental Scientific Library of NAS RA

Թագաւոր : (Record no. 535674)

MARC details
000 -LEADER
fixed length control field 01969nam a2200241 a 4500
001 - CONTROL NUMBER
control field 2024307
003 - CONTROL NUMBER IDENTIFIER
control field AM-YEHGA
005 - DATE AND TIME OF LATEST TRANSACTION
control field 20251013114355.0
008 - FIXED-LENGTH DATA ELEMENTS--GENERAL INFORMATION
fixed length control field 250704s1912 gs a|||gr|||||00||1|arm d
040 ## - CATALOGING SOURCE
Original cataloging agency AM-YEHGA
041 1# - LANGUAGE CODE
Language code of text/sound track or separate title arm
100 1# - MAIN ENTRY--PERSONAL NAME
Personal name Իւշկեւիչ, Ս.
245 10 - TITLE STATEMENT
Title Թագաւոր :
Remainder of title Պիէս չորս արարուածով /
Statement of responsibility, etc. Ս. Իւշկեւիչ ; Թարգմանիչ՝ Յովհ. Յովհաննիսեան ; Կովկասի Հայոց հայոց հրատարակչական ընկերութիւն.
260 ## - PUBLICATION, DISTRIBUTION, ETC.
Place of publication, distribution, etc. Թիֆլիս :
Name of publisher, distributor, etc. Տպարան Ն. Աղանեանցի,
Date of publication, distribution, etc. 1912.
300 ## - PHYSICAL DESCRIPTION
Extent (6 գիրք մեկ կազմի մեջ) ; 115 էջ
440 #0 - SERIES STATEMENT/ADDED ENTRY--TITLE
Title Հանրային մատենադարան ;
Number of part/section of a work № 4-5
500 ## - GENERAL NOTE
General note Ալիգ 4
501 ## - WITH NOTE
With note Մեկ կազմի մեջ՝ Ջիօկօնդա ։ Ողբերգութիւն հինգ արարածով / Գաբրիէլ դ'Անունցիօ ; Ֆրանսէրէնից թարգմանեց՝ Ս. Յակոբեան ։ Թիֆլիս : Տպարան Ն. Աղանեանցի ։ 1912 ; Մուրացկանի պատմածը / Իլիա Ճաւճաւաձէ : Վրացերէնից թարգմանեց՝ Տ. Փիրումեան / Թիֆլիս ։ Տպարան Ն. Աղանեանցի : 1912 ; Աստծու կրակը / Ա․ Ահարոնեան ։ Թիֆլիս : Տպարան Ն. Աղանեանի : 1912 ; Յանցանք : Էտիւդ / Յովհաննէս Մալխասեան ։ Թիֆլիզ : Էլէքտրատպ. օր. Ն. Աղանեանի : 1913 ; Ծիլ ու ծաղիկ : Նօվելլաներ եւ արձակ բանաստեղծութիւններ / Սէյրի ։ Թիֆլիզ : Էլէքտրատպ. օր. Ն. Աղանեանի : 1913․
650 14 - SUBJECT ADDED ENTRY--TOPICAL TERM
Topical term or geographic name entry element Ռուս գրականություն
General subdivision Թատերգություն
700 1# - ADDED ENTRY--PERSONAL NAME
Personal name Հովհաննիսյան, Հովհաննես Մկրտչի,
Dates associated with a name 1864-1929
Relator term թարգմ.
Relationship trl
9 (RLIN) 3945
710 2# - ADDED ENTRY--CORPORATE NAME
Corporate name or jurisdiction name as entry element Կովկասի հայոց հրատարակչական ընկերութիւն
942 ## - ADDED ENTRY ELEMENTS (KOHA)
Source of classification or shelving scheme Universal Decimal Classification
Koha item type Գրքեր / Books
Holdings
Withdrawn status Lost status Source of classification or shelving scheme Damaged status Not for loan Collection Home library Current library Date acquired Serial enumeration / chronology Inventory number Total checkouts Full call number Barcode Date last seen Price effective from Koha item type Public note
    Universal Decimal Classification     Zhamkochyan Individual collection Fundamental Scientific Library Fundamental Scientific Library 04/07/2025 Ալիգ 4 Ժամ/2195   Ժամ/743 FL0693590 04/07/2025 04/07/2025 Գրքեր / Books ILL Non-Circ.


ՀՀ ԳԱԱ հիմնարար գիտական գրադարան
ՀՀ,Երևան 0019
Մարշալ Բաղրամյան 24/6
հեռախոս:(374-10) 52-47-50
Հետադարձ կապ

All site content, except where otherwise noted, is licensed under a
Creative Commons License